header

Managing information in the public sector (Record no. 140665)

MARC details
000 -LEADER
fixed length control field 01721nam a2200325 a 4500
082 04 - DEWEY DECIMAL CLASSIFICATION NUMBER
Classification number 352.3/8011
100 1# - MAIN ENTRY--AUTHOR NAME
Personal name White, Jay D.
245 10 - TITLE STATEMENT
Title Managing information in the public sector
260 ## - PUBLICATION, DISTRIBUTION, ETC. (IMPRINT)
Place of publication Armonk, N.Y. :
Name of publisher M.E. Sharpe,
Year of publication c2007.
300 ## - PHYSICAL DESCRIPTION
Number of Pages xii, 319 p. :
Other physical details ill.
505 0# - FORMATTED CONTENTS NOTE
Formatted contents note Why study MIS in the public sector? -- Information technology for decision making -- Hardware and software issues -- Managing the agency's data resources -- The telecommunications revolution -- The Internet revolution -- Systems development and implementation -- Transforming government with technology -- End user computing issues -- Acquiring technology solutions -- Information security -- Managing information strategically.
650 #0 - SUBJECT ADDED ENTRY--TOPICAL TERM
Topical Term Public administration
Topical Term Public administration
856 40 - ELECTRONIC LOCATION AND ACCESS
Uniform Resource Identifier http://site.ebrary.com/lib/rucke/Doc?id=10178096

No items available.

© 2026 Rongo University
Contact us: librarian | system librarian | Rongo university